| 000 | 00519nam a22002051a 4500 | ||
|---|---|---|---|
| 001 | 2915 | ||
| 003 | OSt | ||
| 005 | 20260204211831.0 | ||
| 008 | 040429s2002||||dr ||||||b||||||||||spa|| | ||
| 020 | _a9993489409 | ||
| 050 | _aRD 920 M479p | ||
| 082 | _aRD 920 M479p | ||
| 100 | _aMejía, Hipólito | ||
| 245 | _aMi palabra: Hipólito Mejía | ||
| 264 | _aSanto Domingo : Presidencia de la República | ||
| 300 | _a645 p. | ||
| 500 | _aIncluye indice | ||
| 650 | _a1.Hipólito Mejía - MemoriasÌ | ||
| 942 |
_2ddc _cBK |
||
| 999 |
_c2915 _d2915 |
||